[Event "Pontevedra op 11th"]
[Site "Pontevedra"]
[Date "2023.07.25"]
[Round "2"]
[White "Gomez Ledo, Roberto Carlos"]
[Black "Gandhi, Anish"]
[Result "1-0"]
[WhiteElo "2432"]
[BlackElo "2257"]
[PlyCount "132"]
[EventDate "2023.07.24"]
[EventType "swiss"]
[EventRounds "9"]
[EventCountry "ESP"]
[SourceTitle "CBM 215 Extra"]
[Source "ChessBase"]
[SourceDate "2023.09.30"]
[SourceVersion "1"]
[SourceVersionDate "2023.09.30"]
[SourceQuality "1"]

1. Nf3 Nf6 2. e3 g6 3. d4 Bg7 4. Be2 0-0 5. 0-0 d6 6. Re1 b6 7. c4 Bb7 8. Nc3 Nbd7 9. Bf1 Ne4 10. Nxe4 Bxe4 11. d5 Bxf3 12. Qxf3 Qe8 13. Rb1 a5 14. Qd1 e5 15. e4 f5 16. Bd3 f4 17. Be2 Nf6 18. Bg4 Nxg4 19. Qxg4 h5 20. Qh3 g5 21. g4 Rf6 22. Qxh5 Qxh5 23. gxh5 g4 24. Kh1 Kf7 25. Rg1 Rh8 26. Rxg4 Rxh5 27. Kg2 Rfh6 28. h4 Rxh4 29. Rxh4 Rxh4 30. Bd2 Bf6 31. f3 Rh8 32. Rh1 Rxh1 33. Kxh1 Kg6 34. Kg2 Kh5 35. Kh3 Bh4 36. Kg2 Bf6 37. a4 Kg6 38. b4 axb4 39. Bxb4 Kf7 40. a5 bxa5 41. Bxa5 Bd8 42. Kh3 Ke7 43. Kg4 Kd7 44. c5 Be7 45. c6+ Kd8 46. Be1 Ke8 47. Kf5 Kf7 48. Bf2 Bf6 49. Bb6 Bd8 50. Ba5 Ke7 51. Kg6 Kf8 52. Bb4 Be7 53. Be1 Ke8 54. Kg7 Bg5 55. Bf2 Be7 56. Be1 Bg5 57. Kg6 Be7 58. Ba5 Bd8 59. Bc3 Bh4 60. Kf5 Kf7 61. Bxe5 dxe5 62. d6 Bd8 63. Kxe5 Kf8 64. Ke6 Ke8 65. e5 Be7 66. dxc7 Kf8 1-0

[Event "Budapest FS07 IM"]
[Site "Budapest"]
[Date "2023.07.07"]
[Round "6"]
[White "Gandhi, Anish"]
[Black "Saypuri, Srithan"]
[Result "1/2-1/2"]
[WhiteElo "2257"]
[BlackElo "2141"]
[PlyCount "63"]
[EventDate "2023.07.01"]
[EventType "swiss"]
[EventRounds "9"]
[EventCountry "HUN"]
[SourceTitle "EXT 2024"]
[Source "ChessBase"]
[SourceDate "2023.10.10"]
[SourceVersion "1"]
[SourceVersionDate "2023.10.10"]
[SourceQuality "1"]

1. e4 e5 2. Nf3 Nf6 3. Nxe5 d6 4. Nf3 Nxe4 5. Nc3 Nxc3 6. dxc3 Be7 7. Be3 Nc6 8. Qd2 Be6 9. 0-0-0 Qd7 10. h3 a6 11. Kb1 0-0-0 12. Ng5 Bxg5 13. Bxg5 f6 14. Be3 Rde8 15. b3 h5 16. g3 Bf5 17. Bg2 Re7 18. c4 Qe8 19. Rhe1 Be4 20. f3 Bg6 21. Qc3 Qf7 22. Bf1 Rhe8 23. c5 d5 24. Bf2 Rxe1 25. Rxe1 Rxe1+ 26. Qxe1 Qd7 27. Kb2 d4 28. f4 d3 29. cxd3 Bxd3 30. Bg2 Bf5 31. h4 Qd3 32. Bxc6 1/2-1/2

[Event "Budapest FS07 IM"]
[Site "Budapest"]
[Date "2023.07.02"]
[Round "2"]
[White "Gandhi, Anish"]
[Black "Bhagat, Kush"]
[Result "1/2-1/2"]
[WhiteElo "2257"]
[BlackElo "2184"]
[PlyCount "85"]
[EventDate "2023.07.01"]
[EventType "swiss"]
[EventRounds "9"]
[EventCountry "HUN"]
[SourceTitle "EXT 2024"]
[Source "ChessBase"]
[SourceDate "2023.10.10"]
[SourceVersion "1"]
[SourceVersionDate "2023.10.10"]
[SourceQuality "1"]

1. d4 Nf6 2. Bg5 g6 3. Bxf6 exf6 4. e3 Bg7 5. c4 d6 6. Nc3 0-0 7. Bd3 f5 8. Nge2 Nd7 9. h4 h5 10. Qc2 Nf6 11. Nf4 c6 12. 0-0-0 Rb8 13. Kb1 Qa5 14. Rc1 a6 15. f3 Bd7 16. Qf2 b5 17. Ka1 Rfe8 18. Rhe1 Qb4 19. Nb1 bxc4 20. Bxc4 c5 21. a3 Qb7 22. Nc3 cxd4 23. exd4 d5 24. Ba2 Bc6 25. Nd3 Nd7 26. Rxe8+ Rxe8 27. Nb4 Nb6 28. Kb1 a5 29. Nxc6 Qxc6 30. Nxd5 Qb5 31. Nf4 Na4 32. Bc4 Qb6 33. Nd5 Qxd4 34. Qxd4 Bxd4 35. Rd1 Bg7 36. Bb5 Nxb2 37. Bxe8 Nxd1 38. Kc2 Nf2 39. a4 Kf8 40. Bb5 Be5 41. Nb6 Ke7 42. Nc4 Bc7 43. Kd2 1/2-1/2

[Event "Prague op"]
[Site "Prague"]
[Date "2023.06.24"]
[Round "3"]
[White "Gandhi, Anish"]
[Black "Hoffmann, Michael"]
[Result "1/2-1/2"]
[WhiteElo "2257"]
[BlackElo "2417"]
[PlyCount "28"]
[EventDate "2023.06.22"]
[EventType "swiss"]
[EventRounds "9"]
[EventCountry "CZE"]
[SourceTitle "CBM 215 Extra"]
[Source "ChessBase"]
[SourceDate "2023.09.30"]
[SourceVersion "1"]
[SourceVersionDate "2023.09.30"]
[SourceQuality "1"]

1. d4 Nf6 2. Bf4 d5 3. e3 c5 4. Nf3 cxd4 5. exd4 Nc6 6. Nbd2 Bf5 7. Bb5 Rc8 8. 0-0 e6 9. c3 Bd6 10. Bxd6 Qxd6 11. Ne5 0-0 12. Qe2 Nd7 13. Nxd7 Qxd7 14. Bd3 Bxd3 1/2-1/2

[Event "Budapest SixDays 03 IM"]
[Site "Budapest"]
[Date "2023.03.28"]
[Round "7"]
[White "Gandhi, Anish"]
[Black "Halak, Miklos"]
[Result "1-0"]
[WhiteElo "2187"]
[BlackElo "2257"]
[PlyCount "95"]
[EventDate "2023.03.24"]
[EventType "tourn"]
[EventRounds "9"]
[EventCountry "HUN"]
[SourceTitle "CBM 213 Extra"]
[Source "ChessBase"]
[SourceDate "2023.05.31"]
[SourceVersion "1"]
[SourceVersionDate "2023.05.31"]
[SourceQuality "1"]

1. e4 c6 2. d4 d5 3. Nc3 dxe4 4. Nxe4 Nf6 5. Nxf6+ exf6 6. c3 Bd6 7. Bd3 0-0 8. Qc2 Re8+ 9. Be3 h5 10. 0-0-0 Nd7 11. Kb1 Nf8 12. Ne2 Be6 13. Nf4 Bxf4 14. Bxf4 b5 15. f3 a5 16. c4 bxc4 17. Bxc4 Bxc4 18. Qxc4 Qd5 19. Qxd5 cxd5 20. Rhe1 Ne6 21. Bd2 a4 22. Bb4 Rec8 23. Re3 Rc4 24. a3 Nxd4 25. Red3 Nc6 26. Bc3 Rb8 27. Ka2 d4 28. Bxd4 Rc2 29. Bc3 Rxg2 30. R1d2 Rxd2 31. Rxd2 Rb5 32. Rd7 Rf5 33. Rc7 Ne5 34. Ra7 Rf4 35. Bb4 Nxf3 36. Rxa4 Nxh2 37. Ra8+ Kh7 38. Bd6 g5 39. Bxf4 gxf4 40. Rc8 f3 41. Rc2 Ng4 42. a4 f2 43. Rc1 Ne3 44. a5 f5 45. a6 Nc2 46. a7 Ne1 47. a8Q f1Q 48. Qa5 1-0

[Event "Budapest SixDays 03 IM"]
[Site "Budapest"]
[Date "2023.03.27"]
[Round "5"]
[White "Ulasevich, Sergei"]
[Black "Gandhi, Anish"]
[Result "0-1"]
[WhiteElo "2236"]
[BlackElo "2187"]
[PlyCount "96"]
[EventDate "2023.03.24"]
[EventType "tourn"]
[EventRounds "9"]
[EventCountry "HUN"]
[SourceTitle "CBM 213 Extra"]
[Source "ChessBase"]
[SourceDate "2023.05.31"]
[SourceVersion "1"]
[SourceVersionDate "2023.05.31"]
[SourceQuality "1"]

1. e4 c5 2. Nf3 d6 3. d4 cxd4 4. Qxd4 Nc6 5. Bb5 Bd7 6. Bxc6 bxc6 7. c4 c5 8. Qd3 g6 9. Bd2 Bg7 10. Bc3 Nf6 11. 0-0 0-0 12. Na3 Bc6 13. Rfe1 Qd7 14. e5 Nh5 15. Qe3 Qf5 16. exd6 exd6 17. Qg5 Qxg5 18. Nxg5 Bxc3 19. bxc3 Nf4 20. g3 Nd3 21. Red1 Ne5 22. f4 Nf3+ 23. Nxf3 Bxf3 24. Rxd6 Rfe8 25. Kf2 Bg4 26. Rd2 Rad8 27. Rxd8 Rxd8 28. Ke3 Re8+ 29. Kd3 Bf5+ 30. Kd2 Rd8+ 31. Ke2 a6 32. Re1 h5 33. Kf2 Kg7 34. Re2 Rd1 35. Re1 Rxe1 36. Kxe1 Kf6 37. Kd2 g5 38. Ke3 Kg6 39. Kf3 gxf4 40. Kxf4 Kf6 41. h3 Bd3 42. Ke3 Bg6 43. Kf4 Bf5 44. Nb5 axb5 45. cxb5 Bxh3 46. b6 Bg2 47. a4 Bb7 48. a5 c4 0-1

[Event "Budapest SixDays 03 IM"]
[Site "Budapest"]
[Date "2023.03.25"]
[Round "3"]
[White "Szeberenyi, Adam"]
[Black "Gandhi, Anish"]
[Result "1/2-1/2"]
[WhiteElo "2338"]
[BlackElo "2187"]
[PlyCount "105"]
[EventDate "2023.03.24"]
[EventType "tourn"]
[EventRounds "9"]
[EventCountry "HUN"]
[SourceTitle "CBM 213 Extra"]
[Source "ChessBase"]
[SourceDate "2023.05.31"]
[SourceVersion "1"]
[SourceVersionDate "2023.05.31"]
[SourceQuality "1"]

1. d4 Nf6 2. c4 e6 3. Nf3 d5 4. Nc3 c5 5. cxd5 Nxd5 6. e4 Nxc3 7. bxc3 cxd4 8. cxd4 Bb4+ 9. Bd2 Bxd2+ 10. Qxd2 0-0 11. Bc4 Nd7 12. 0-0 b6 13. Rad1 Bb7 14. Rfe1 Rc8 15. Bd3 Qc7 16. h4 Rfd8 17. Rc1 Qd6 18. e5 Qe7 19. Qf4 Nf8 20. Rxc8 Rxc8 21. h5 Bxf3 22. Qxf3 h6 23. Be4 Qb4 24. Rd1 Qb2 25. Qb3 Qxb3 26. axb3 a5 27. d5 exd5 28. Rxd5 Rc5 29. f4 Rxd5 30. Bxd5 Ne6 31. Bxe6 fxe6 32. Kf2 Kf7 33. Ke3 Ke7 34. Kd4 Kd7 35. g4 Kc6 36. f5 exf5 37. gxf5 b5 38. e6 Kd6 39. Ke4 Ke7 40. Kd5 a4 41. bxa4 bxa4 42. Kc4 Kf6 43. Kb4 g6 44. fxg6 Kxe6 45. Kxa4 Kf6 46. Kb4 Kg7 47. Kc5 Kg8 48. Kd6 Kg7 49. Ke6 Kg8 50. Kf6 Kh8 51. g7+ Kg8 52. Ke6 Kxg7 53. Ke7 1/2-1/2

[Event "Budapest FS03 IM"]
[Site "Budapest"]
[Date "2023.03.13"]
[Round "8"]
[White "Gandhi, Anish"]
[Black "Lalic, Bogdan"]
[Result "1/2-1/2"]
[WhiteElo "2187"]
[BlackElo "2374"]
[PlyCount "75"]
[EventDate "2023.03.04"]
[EventType "tourn"]
[EventRounds "9"]
[EventCountry "HUN"]
[EventCategory "1"]
[SourceTitle "CBM 213 Extra"]
[Source "ChessBase"]
[SourceDate "2023.05.31"]
[SourceVersion "1"]
[SourceVersionDate "2023.05.31"]
[SourceQuality "1"]

1. d4 d5 2. Bf4 Nf6 3. e3 c5 4. Nf3 Nc6 5. Nbd2 Bg4 6. h3 Bxf3 7. Nxf3 Qb6 8. Be2 cxd4 9. exd4 g6 10. 0-0 Bg7 11. c3 Qxb2 12. Rb1 Qxc3 13. Rxb7 0-0 14. Bd2 Qa3 15. Qc1 Qxc1 16. Rxc1 Nd8 17. Rxe7 Ne6 18. Bb5 Ne4 19. Be3 Nd6 20. Bc6 Nf5 21. Rd7 Rad8 22. Rxd5 Nexd4 23. Nxd4 Nxd4 24. Rxd8 Rxd8 25. Bf3 Nxf3+ 26. gxf3 a6 27. Rc6 Ra8 28. a4 Kf8 29. Rc7 Ke8 30. f4 Bf6 31. Kg2 Bd8 32. Rb7 Rc8 33. Bb6 Bxb6 34. Rxb6 Rc4 35. Rxa6 Rxf4 36. Ra7 Kf8 37. Kg3 g5 38. Ra6 1/2-1/2

[Event "Budapest FS03 IM"]
[Site "Budapest"]
[Date "2023.03.10"]
[Round "6"]
[White "Gandhi, Anish"]
[Black "Pham, Tran Gia Phuc"]
[Result "1/2-1/2"]
[WhiteElo "2187"]
[BlackElo "2238"]
[PlyCount "112"]
[EventDate "2023.03.04"]
[EventType "tourn"]
[EventRounds "9"]
[EventCountry "HUN"]
[EventCategory "1"]
[SourceTitle "CBM 213 Extra"]
[Source "ChessBase"]
[SourceDate "2023.05.31"]
[SourceVersion "1"]
[SourceVersionDate "2023.05.31"]
[SourceQuality "1"]

1. Nf3 d5 2. c4 d4 3. b4 a5 4. Bb2 axb4 5. Nxd4 Nf6 6. g3 g6 7. Bg2 Bg7 8. Nb3 Nbd7 9. c5 0-0 10. 0-0 Nb8 11. d3 Nc6 12. e4 e5 13. Qc2 Be6 14. N1d2 Nd7 15. f4 f6 16. Nf3 Qe7 17. d4 exd4 18. Nfxd4 Nxd4 19. Bxd4 Nb8 20. c6 Nxc6 21. Bc5 Qf7 22. Bxf8 Bxf8 23. Rfc1 Ra3 24. Bf1 Bd6 25. Bc4 Bxc4 26. Qxc4 Qxc4 27. Rxc4 Na5 28. Nxa5 Rxa5 29. Re1 Kf7 30. Re2 Ke6 31. e5 fxe5 32. fxe5 Rxe5 33. Rxe5+ Kxe5 34. Kf2 Kd5 35. Rg4 c5 36. Ke3 c4 37. Rd4+ Kc5 38. Re4 Kd5 39. Re8 b3 40. axb3 cxb3 41. Kd3 b2 42. Kc2 Be5 43. Re7 h5 44. Rxb7 Ke4 45. Rb6 Kf5 46. Rb4 g5 47. Kd3 h4 48. g4+ Ke6 49. h3 Kd5 50. Rb5+ Kc6 51. Kc4 Bd4 52. Rb8 Be5 53. Rb3 Bf6 54. Kd3 Kd5 55. Rb4 Be5 56. Kc2 Kc5 1/2-1/2

[Event "Budapest FS03 IM"]
[Site "Budapest"]
[Date "2023.03.04"]
[Round "1"]
[White "Gandhi, Anish"]
[Black "Ilincic, Zlatko"]
[Result "1/2-1/2"]
[WhiteElo "2187"]
[BlackElo "2302"]
[PlyCount "61"]
[EventDate "2023.03.04"]
[EventType "tourn"]
[EventRounds "9"]
[EventCountry "HUN"]
[EventCategory "1"]
[SourceTitle "CBM 213 Extra"]
[Source "ChessBase"]
[SourceDate "2023.05.31"]
[SourceVersion "1"]
[SourceVersionDate "2023.05.31"]
[SourceQuality "1"]

1. e4 e5 2. Nf3 Nf6 3. d4 Nxe4 4. Bd3 d5 5. Nxe5 Nd7 6. Nxd7 Bxd7 7. 0-0 Be7 8. Nc3 Nf6 9. Ne2 0-0 10. Ng3 c6 11. Re1 Re8 12. Bf4 Bf8 13. Qd2 Qb6 14. c3 Rxe1+ 15. Rxe1 Re8 16. Rxe8 Nxe8 17. Nf5 Qd8 18. Be5 Bxf5 19. Bxf5 Bd6 20. Qe3 g6 21. Bd3 Qe7 22. Bf4 Qd7 23. h4 Bxf4 24. Qxf4 Qd6 25. Qe3 Nf6 26. g3 h5 27. Kg2 Kg7 28. a3 a5 29. Bc2 b5 30. b4 a4 31. Bd3 1/2-1/2

[Event "Abu Dhabi Masters 28th"]
[Site "Abu Dhabi"]
[Date "2022.08.22"]
[Round "6"]
[White "Ricken, Katharina"]
[Black "Gandhi, Anish"]
[Result "0-1"]
[WhiteElo "2157"]
[BlackElo "2228"]
[PlyCount "84"]
[EventDate "2022.08.17"]
[EventType "swiss"]
[EventRounds "9"]
[EventCountry "UAE"]
[SourceTitle "CBM 209 Extra"]
[Source "ChessBase"]
[SourceDate "2022.09.30"]
[SourceVersion "1"]
[SourceVersionDate "2022.09.30"]
[SourceQuality "1"]

1. Nf3 Nf6 2. g3 g6 3. b3 Bg7 4. Bb2 b6 5. Bg2 Bb7 6. 0-0 0-0 7. c4 c5 8. d4 d5 9. dxc5 dxc4 10. cxb6 Qxb6 11. Bd4 Qa6 12. Nbd2 Nc6 13. Nxc4 Rfd8 14. e3 Ne4 15. Qc2 Nxd4 16. Nxd4 Bxd4 17. exd4 Rxd4 18. Rad1 Rad8 19. Rxd4 Rxd4 20. Rd1 Qf6 21. Ne3 Rxd1+ 22. Nxd1 Qd4 23. Bxe4 Bxe4 24. Qc8+ Kg7 25. Qc3 e5 26. Qxd4 exd4 27. Kf1 Bb1 28. a3 Bc2 29. Ke2 Bxb3 30. Nb2 Kf6 31. Kd2 Ke6 32. Nd3 Kd6 33. Nb4 Bc4 34. Nc2 Kc5 35. Kc1 Bf1 36. Kd2 a5 37. h4 Kc4 38. g4 f6 39. f4 Bg2 40. g5 f5 41. Ne1 Be4 42. Nc2 Bxc2 0-1

[Event "Abu Dhabi Masters 28th"]
[Site "Abu Dhabi"]
[Date "2022.08.18"]
[Round "3"]
[White "Gandhi, Anish"]
[Black "Madaminov, Mukhiddin"]
[Result "0-1"]
[WhiteElo "2228"]
[BlackElo "2408"]
[PlyCount "118"]
[EventDate "2022.08.17"]
[EventType "swiss"]
[EventRounds "9"]
[EventCountry "UAE"]
[SourceTitle "CBM 209 Extra"]
[Source "ChessBase"]
[SourceDate "2022.09.30"]
[SourceVersion "1"]
[SourceVersionDate "2022.09.30"]
[SourceQuality "1"]

1. e4 e5 2. Nf3 Nc6 3. Bb5 a6 4. Ba4 Nf6 5. d3 d6 6. c3 g6 7. 0-0 Bg7 8. Re1 0-0 9. Bxc6 bxc6 10. d4 Nd7 11. Be3 Rb8 12. Qc2 f5 13. exf5 Rxf5 14. Nbd2 d5 15. dxe5 Nxe5 16. Nxe5 Bxe5 17. Nf1 Qh4 18. g3 Qd8 19. Ba7 Ra8 20. Bd4 Bd6 21. Re2 c5 22. Rae1 Bd7 23. Be5 Bb5 24. Re3 Rxe5 25. Rxe5 Bxe5 26. Rxe5 Qd6 27. Re1 Re8 28. Rxe8+ Bxe8 29. Nd2 a5 30. h4 Bc6 31. h5 g5 32. Qf5 h6 33. Nf3 Bd7 34. Qe5 Bg4 35. Qe8+ Kg7 36. Nd2 Bd7 37. Qe2 Bc6 38. f4 gxf4 39. Qg4+ Kf8 40. Qf5+ Ke7 41. gxf4 Qf6 42. Qh7+ Kd6 43. Qg6 Ke7 44. Qh7+ Kd8 45. Qg8+ Kd7 46. Qh7+ Kc8 47. Qg6 Qd6 48. f5 Bb5 49. f6 Qe6 50. Nf3 Be8 51. Qxh6 Qg4+ 52. Kf2 Bxh5 53. Qe3 Qf5 54. Ke1 Qxf6 55. Ne5 Qh4+ 56. Kd2 Qh2+ 57. Kd3 Bd1 58. Qd2 c4+ 59. Ke3 Qh6+ 0-1

[Event "Novi Sad Serbia op-A"]
[Site "Novi Sad"]
[Date "2022.07.01"]
[Round "4"]
[White "Gandhi, Anish"]
[Black "Blagojevic, Tijana"]
[Result "1-0"]
[WhiteElo "2166"]
[BlackElo "2330"]
[PlyCount "37"]
[EventDate "2022.06.28"]
[EventType "swiss"]
[EventRounds "9"]
[EventCountry "SRB"]
[SourceTitle "EXT 2023"]
[Source "ChessBase"]
[SourceDate "2022.10.05"]
[SourceVersion "1"]
[SourceVersionDate "2022.10.05"]
[SourceQuality "1"]

1. e4 e5 2. Nf3 Nc6 3. Bc4 d6 4. 0-0 Be7 5. c3 f5 6. d3 f4 7. d4 h5 8. Qb3 Nh6 9. dxe5 dxe5 10. Rd1 Bd6 11. Bxf4 exf4 12. e5 Nxe5 13. Nxe5 Qf6 14. Nf3 Be7 15. Na3 c6 16. Re1 Nf7 17. Bxf7+ Qxf7 18. Rxe7+ Kxe7 19. Qb4+ 1-0

[Event "IND-ch Blitz"]
[Site "Nashik"]
[Date "2022.04.30"]
[Round "5"]
[White "Gandhi, Anish"]
[Black "Divya, Deshmukh"]
[Result "1/2-1/2"]
[WhiteElo "2166"]
[BlackElo "2313"]
[PlyCount "99"]
[EventDate "2022.04.30"]
[EventType "swiss (blitz)"]
[EventRounds "11"]
[EventCountry "IND"]
[SourceTitle "CBM 208 Extra"]
[Source "ChessBase"]
[SourceDate "2022.07.31"]
[SourceVersion "1"]
[SourceVersionDate "2022.07.31"]
[SourceQuality "1"]

1. e4 c5 2. Nf3 d6 3. d4 cxd4 4. Nxd4 Nf6 5. Nc3 Nc6 6. Bg5 e6 7. Qd3 Be7 8. 0-0-0 a6 9. Nxc6 bxc6 10. f4 d5 11. Qg3 g6 12. Be2 h6 13. Bh4 Nxe4 14. Bxe7 Nxg3 15. Bxd8 Nxe2+ 16. Nxe2 Kxd8 17. Nd4 Bd7 18. b4 a5 19. a3 Kc7 20. Nb3 axb4 21. axb4 Rhb8 22. Rd4 Ra4 23. c3 Ra2 24. Rd2 Rba8 25. Kb1 Rxd2 26. Nxd2 c5 27. bxc5 Rb8+ 28. Kc2 Ba4+ 29. Kd3 Kc6 30. Kd4 Rb2 31. Nf3 Rxg2 32. Ra1 Bb5 33. Ne5+ Kb7 34. Rb1 Ka6 35. c6 f6 36. Nd7 Bxc6 37. Rb6+ Ka7 38. Rxc6 Rxh2 39. Rxe6 g5 40. Rxf6 Rh4 41. Ke5 gxf4 42. Rxf4 Rh3 43. Kd4 h5 44. Nf6 h4 45. Nxd5 Rh1 46. Ne3 h3 47. Rh4 h2 48. Ng4 Rd1+ 49. Kc4 h1Q 50. Rxh1 1/2-1/2

[Event "Kolhapur Kulkarni Memorial"]
[Site "Kolhapur"]
[Date "2021.12.09"]
[Round "10"]
[White "Om, Nagnath Lamkane"]
[Black "Gandhi, Anish"]
[Result "1/2-1/2"]
[WhiteElo "1714"]
[BlackElo "2175"]
[PlyCount "34"]
[EventDate "2021.12.04"]
[EventType "swiss"]
[EventRounds "10"]
[EventCountry "IND"]
[SourceTitle "EXT 2023"]
[Source "ChessBase"]
[SourceDate "2022.10.05"]
[SourceVersion "1"]
[SourceVersionDate "2022.10.05"]
[SourceQuality "1"]

1. e4 c5 2. Nf3 d6 3. d4 cxd4 4. Nxd4 Nf6 5. Nc3 a6 6. Be3 e5 7. Nb3 Be6 8. f3 Nbd7 9. Qd2 b5 10. g4 b4 11. Nd5 Bxd5 12. exd5 Nb6 13. a3 bxa3 14. Rxa3 Nbxd5 15. Bxa6 Nxe3 16. Bb5+ Nd7 17. Qxe3 Rxa3 1/2-1/2

[Event "Kolhapur Kulkarni Memorial"]
[Site "Kolhapur"]
[Date "2021.12.05"]
[Round "3"]
[White "Gandhi, Anish"]
[Black "Pawar, Sohum"]
[Result "1-0"]
[WhiteElo "2175"]
[BlackElo "1506"]
[PlyCount "71"]
[EventDate "2021.12.04"]
[EventType "swiss"]
[EventRounds "10"]
[EventCountry "IND"]
[SourceTitle "EXT 2023"]
[Source "ChessBase"]
[SourceDate "2022.10.05"]
[SourceVersion "1"]
[SourceVersionDate "2022.10.05"]
[SourceQuality "1"]

1. e4 c5 2. Nf3 d6 3. d4 cxd4 4. Nxd4 Nf6 5. Nc3 g6 6. Be3 Bg7 7. f3 Nc6 8. Qd2 0-0 9. 0-0-0 Bd7 10. h4 h5 11. Kb1 Ne5 12. Bh6 a6 13. Nd5 Re8 14. Bxg7 Kxg7 15. Nxf6 Kxf6 16. Nf5 Bxf5 17. exf5 Kxf5 18. g4+ hxg4 19. fxg4+ Kf6 20. Bg2 Qd7 21. Qf4+ Kg7 22. Qxe5+ f6 23. Qe4 Rad8 24. h5 gxh5 25. gxh5 f5 26. Qf4 e5 27. Qg5+ Kh8 28. Qh6+ Qh7 29. Qg6 e4 30. Qf6+ Qg7 31. Qxf5 Qxg2 32. Rhg1 Qf3 33. Qg5 Qf7 34. Qh6+ Qh7 35. Qf6+ Qg7 36. Qxg7# 1-0

[Event "New Delhi Parsvnath op-A 18th"]
[Site "New Delhi"]
[Date "2020.01.12"]
[Round "6"]
[White "Vishnu, Prasanna V"]
[Black "Gandhi, Anish"]
[Result "1-0"]
[WhiteElo "2474"]
[BlackElo "2168"]
[PlyCount "55"]
[EventDate "2020.01.09"]
[EventType "swiss"]
[EventRounds "10"]
[EventCountry "IND"]
[SourceTitle "CBM 194 Extra"]
[Source "ChessBase"]
[SourceDate "2020.03.31"]
[SourceVersion "1"]
[SourceVersionDate "2020.03.31"]
[SourceQuality "1"]

1. d4 Nf6 2. Nf3 g6 3. Bg5 Bg7 4. c3 0-0 5. Nbd2 d5 6. e3 c5 7. Be2 Qb6 8. Qb3 c4 9. Qa3 Nc6 10. b3 cxb3 11. axb3 e5 12. 0-0 exd4 13. exd4 Bf5 14. b4 Rfe8 15. Rfe1 Nd8 16. h3 Qc7 17. Bh4 Ne4 18. Nxe4 Bxe4 19. Bg3 Qc8 20. Nd2 Bf5 21. Bf3 Rxe1+ 22. Rxe1 Be6 23. c4 dxc4 24. d5 Bd7 25. Ne4 a5 26. Nd6 axb4 27. Qxb4 Qb8 28. Nxc4 1-0